Landen die beginnen met V - Statistieken

Algemene statistieken
  • Deze quiz is 12.119 keer genomen
  • De gemiddelde score is 5 van 7
Antwoordstatistieken
Land % Correct
Venezuela
88%
Verenigde Staten
69%
Verenigd Koninkrijk
69%
Vaticaanstad
68%
Vanuatu
66%
Vietnam
60%
Verenigde Arabische Emiraten
57%
Geen overeenkomende quizzen gevonden
Scoreverdeling
Procent van Mensen met Elke Score
Percentiel versus Aantal Correcte Antwoorden
Uw Scoregeschiedenis
U heeft deze quiz nog niet genomen